00642cam a22002177a 4500003000500000005001700005008004100022010001000063011001000073035001000083040000900093082001600102100002600118245002800144260007700172300001900249490003300268500007700301650001300378830003300391CHAP20220329135129.0971013s1977 r 00010 d a31401 a32373 a36488 cCHAP a583.97bM3700aMartínez, Maximino.14aLos encinos de México aMorelia, Mich. :b(Comisión Forestal del Estado de Michoacán),c1977 a230 p.b: ilus 0aSerie técnica. Manejov; 8 aPublicado originalmente en: Anales del instituto de Biología. México14aQuercus.0 aSerie técnica. Manejov; 8